[Event "7th Paleochora Open 2014"]
[Site "Paleochora GRE"]
[Date "2014.07.23"]
[Round "4.27"]
[White "Papasimakopoulos, Alexandros"]
[Black "Post, Maarten"]
[Result "1-0"]
[WhiteElo "2262"]
[BlackElo "1940"]
[WhiteFideId "4244125"]
[BlackFideId "1025970"]
[EventDate "2014.07.21"]

1. d4 Nf6 2. c4 g6 3. Nc3 Bg7 4. e4 d6 5. f3 O-O 6. Be3 c5 7. Nge2 Nc6 8. d5 Ne5
9. Ng3 e6 10. Be2 exd5 11. cxd5 a6 12. a4 Qa5 13. O-O Re8 14. Ra3 Rb8 15. h3 Qd8
16. Rb3 b6 17. f4 Ned7 18. Bc4 h5 19. Qf3 h4 20. Nh1 Qe7 21. Nf2 Nh5 22. Re1 Ng3
23. Bd2 Bd4 24. Kh2 g5 25. e5 dxe5 26. d6 Qxd6 27. Nce4 Qg6 28. Nxg5 Rf8 29. Bd3
Qh5 30. Ng4 Bb7 31. Qd1 Bd5 32. fxe5 c4 33. Bh7+ Kg7 34. Bf4 cxb3 35. Qxd4 Be6
36. Nf6 Nxf6 37. exf6+ Kh8 38. Rxe6 Rbd8 39. Rd6 Rde8 40. Qd5 Re1 41. Bxg3 hxg3+
42. Kxg3 Qe2 43. Nf3 Rf1 44. Be4 Rg8+ 45. Kf4 1-0

[Event "7th Paleochora Open 2014"]
[Site "Paleochora GRE"]
[Date "2014.07.23"]
[Round "4.28"]
[White "Karousos-Theodorakis, Nikolaos"]
[Black "Theodorou, Nikolas"]
[Result "0-1"]
[WhiteElo "1853"]
[BlackElo "2257"]
[WhiteFideId "4275829"]
[BlackFideId "4262875"]
[EventDate "2014.07.21"]

1. e4 e5 2. Nf3 Nc6 3. Bb5 a6 4. Ba4 Nf6 5. O-O b5 6. Bb3 Be7 7. Re1 d6 8. c3
O-O 9. h3 Nb8 10. d4 Nbd7 11. c4 bxc4 12. Bxc4 Bb7 13. Nc3 exd4 14. Qxd4 Nc5 15.
Nd2 Nfd7 16. Nd5 Bxd5 17. Bxd5 Bf6 18. Qe3 Rb8 19. Nc4 Nb6 20. Na5 Nxd5 21. exd5
Qd7 22. Nc6 Rbe8 23. Qd2 Qf5 24. Rf1 Qh5 25. f3 Qg6 26. Kh2 h5 27. b4 Ne4 28.
fxe4 Bxa1 29. Re1 f5 30. Qg5 Qxg5 31. Bxg5 Be5+ 32. g3 fxe4 33. Kg2 Rf3 34. Re3
Ref8 35. Rxf3 exf3+ 36. Kf2 Bxg3+ 37. Kf1 Re8 38. Ne7+ Kf7 39. a4 Rxe7 40. Bxe7
Kxe7 0-1

[Event "7th Paleochora Open 2014"]
[Site "Paleochora GRE"]
[Date "2014.07.23"]
[Round "4.29"]
[White "Christiansen, Johan-Sebastian"]
[Black "Bielby, Paul R"]
[Result "1-0"]
[WhiteElo "2252"]
[BlackElo "1895"]
[WhiteFideId "1512668"]
[BlackFideId "429864"]
[EventDate "2014.07.21"]

1. c4 c5 2. g3 g6 3. Bg2 Bg7 4. Nf3 Nc6 5. Nc3 Nf6 6. d4 cxd4 7. Nxd4 O-O 8. O-O
a6 9. h3 Qb6 10. Nc2 d6 11. b3 Be6 12. Be3 Qd8 13. Qd2 Rb8 14. Kh2 Qd7 15. Bh6
Qc8 16. Rac1 Nd7 17. Be3 Bf5 18. Rfd1 Re8 19. Ne1 Nf8 20. Nd5 Nd7 21. Bg5 Be6
22. Nd3 f6 23. Be3 Nce5 24. Nxe5 fxe5 25. Bg5 Bf6 26. Nxf6+ Nxf6 27. Bxf6 exf6
28. Qxd6 Kf7 29. Rc2 Re7 30. Rcd2 Qe8 31. Qb6 Rd7 32. Rxd7+ Bxd7 33. Qc7 1-0

[Event "7th Paleochora Open 2014"]
[Site "Paleochora GRE"]
[Date "2014.07.23"]
[Round "4.30"]
[White "Zisiadis, Dimitrios"]
[Black "Sbarra, Marco"]
[Result "0-1"]
[BlackTitle "FM"]
[WhiteElo "1882"]
[BlackElo "2237"]
[WhiteFideId "4262921"]
[BlackFideId "804401"]
[EventDate "2014.07.21"]

1. d4 Nf6 2. c4 e6 3. g3 d5 4. Bg2 Bb4+ 5. Nd2 O-O 6. Nf3 c5 7. cxd5 exd5 8.
dxc5 Bxc5 9. O-O Re8 10. Nb3 Bb6 11. Bf4 Nc6 12. Rc1 Bg4 13. h3 Bh5 14. e3 Ne4
15. g4 Bg6 16. Nbd4 Nxd4 17. exd4 Nd6 18. Ne5 Be4 19. f3 Bg6 20. Qd2 Nb5 21. Kh1
Nxd4 22. Nxg6 hxg6 23. Bc7 Bxc7 24. Qxd4 Bb6 25. Qa4 Qh4 26. f4 Re3 27. Rc3 d4
28. Rxe3 dxe3 29. Qe4 Rd8 30. f5 gxf5 31. Rxf5 Qg3 32. Rf3 Rd1+ 33. Bf1 Rxf1+
34. Rxf1 Qxh3+ 35. Kg1 e2+ 36. Rf2 Qf1+ 0-1

[Event "7th Paleochora Open 2014"]
[Site "Paleochora GRE"]
[Date "2014.07.24"]
[Round "5.1"]
[White "Werle, Jan"]
[Black "Delchev, Aleksander"]
[Result "1/2-1/2"]
[WhiteTitle "GM"]
[BlackTitle "GM"]
[WhiteElo "2511"]
[BlackElo "2644"]
[WhiteFideId "1006088"]
[BlackFideId "2900394"]
[EventDate "2014.07.21"]

1. d4 Nf6 2. c4 e6 3. Nf3 Bb4+ 4. Nbd2 O-O 5. a3 Be7 6. e4 d6 7. Bd3 e5 8. O-O
exd4 9. Nxd4 Nc6 10. Nxc6 bxc6 11. b4 a5 12. b5 Nd7 13. a4 Bf6 14. Ra3 Nc5 15.
Bc2 Re8 16. Rg3 cxb5 17. cxb5 Bb7 18. Re1 Be5 19. Rh3 Bc8 20. Ra3 Bb7 21. Nf3
Bf6 22. Rae3 Nd7 23. Bb3 Nc5 24. Bd5 Bxd5 25. exd5 Rxe3 26. Bxe3 Bc3 27. Re2 Qf6
28. Qc2 Bb4 29. Bd4 Qf4 30. h4 h6 31. Re7 Rc8 32. Qe2 Qc1+ 33. Kh2 Qf4+ 34. Kg1
Qc1+ 35. Kh2 Qf4+ 36. Kg1 1/2-1/2

[Event "7th Paleochora Open 2014"]
[Site "Paleochora GRE"]
[Date "2014.07.24"]
[Round "5.2"]
[White "Anurag, Mhamal"]
[Black "Gupta, Abhijeet"]
[Result "1/2-1/2"]
[WhiteTitle "IM"]
[BlackTitle "GM"]
[WhiteElo "2405"]
[BlackElo "2634"]
[WhiteFideId "5024366"]
[BlackFideId "5010608"]
[EventDate "2014.07.21"]

1. d4 Nf6 2. c4 e6 3. g3 c5 4. Nf3 cxd4 5. Nxd4 Bb4+ 6. Bd2 Qb6 7. e3 Nc6 8.
Bxb4 Qxb4+ 9. Qd2 e5 10. Nb5 Qxd2+ 11. Kxd2 O-O 12. N1c3 d6 13. Rd1 Rd8 14. Be2
a6 15. Nc7 Ra7 16. Bf3 Na5 17. b3 b5 18. N7d5 Nxd5 19. cxd5 b4 20. Na4 Bd7 21.
Nb2 Kf8 22. Be2 Nb7 23. e4 Nc5 24. Ke3 f5 25. f3 fxe4 26. fxe4 Bb5 27. Rhf1+ Ke7
28. Bc4 Rc8 29. Rf2 Be8 30. Nd3 Nxd3 31. Kxd3 a5 32. Rc1 Rac7 33. Rfc2 Rc5 34.
Ba6 Rxc2 35. Rxc2 Rxc2 36. Kxc2 Kd8 37. Kd3 Kc7 38. Ke3 Kb6 39. Be2 Kc5 40. Bd1
a4 41. Be2 Bd7 42. Bd1 Bc8 43. Be2 a3 44. Bd1 Ba6 45. Bf3 h6 46. Bh5 Bf1 47. Bd1
g6 48. Bg4 h5 49. Bd1 Bh3 50. Be2 g5 51. Bxh5 g4 52. Be8 Bf1 53. Bd7 Bc4 54. Ba4
Bf1 55. Bd7 Bc4 56. Ba4 1/2-1/2

[Event "7th Paleochora Open 2014"]
[Site "Paleochora GRE"]
[Date "2014.07.24"]
[Round "5.3"]
[White "Stopa, Jacek"]
[Black "Zubarev, Alexander1"]
[Result "1/2-1/2"]
[WhiteTitle "IM"]
[BlackTitle "GM"]
[WhiteElo "2482"]
[BlackElo "2583"]
[WhiteFideId "1119591"]
[BlackFideId "14104385"]
[EventDate "2014.07.21"]

1. d4 Nf6 2. c4 g6 3. Nc3 Bg7 4. e4 d6 5. Nf3 O-O 6. h3 Na6 7. Bg5 e5 8. d5 Qe8
9. g4 Kh8 10. Nd2 Ng8 11. Be3 f5 12. gxf5 gxf5 13. exf5 Bh6 14. Nde4 Bxf5 15.
Qd2 Qg6 16. Ng5 Nb4 17. O-O-O Nc2 18. h4 Nxe3 19. fxe3 Bxg5 20. hxg5 Qxg5 21.
Bd3 Bxd3 22. Qxd3 Qf5 23. Qe2 Nf6 24. Rdf1 Qd7 25. Rf2 Rf7 26. Rhf1 Raf8 27. Qf3
a6 28. a4 b6 29. b3 Qc8 30. Qh1 Qe8 31. Qf3 Kg8 32. Qg3+ Rg7 33. Qh3 Nd7 34.
Rxf8+ Nxf8 35. Ne4 Qg6 36. Qc8 Rf7 37. Rxf7 Qxf7 38. Qxa6 Qf3 39. Nd2 Qxe3 40.
Qc8 Qg1+ 41. Kc2 Qg6+ 42. Kd1 Qf7 43. b4 Qd7 44. Qxd7 Nxd7 45. Ne4 Kf7 46. a5
bxa5 47. bxa5 Ke7 48. a6 Nb6 49. a7 Kd7 50. Ke2 h6 51. Kf3 c6 52. Kg4 cxd5 53.
cxd5 Kc7 54. Kf5 Kb7 1/2-1/2

[Event "7th Paleochora Open 2014"]
[Site "Paleochora GRE"]
[Date "2014.07.24"]
[Round "5.4"]
[White "Antic, Dejan"]
[Black "Borovikov, Vladislav"]
[Result "1/2-1/2"]
[WhiteTitle "GM"]
[BlackTitle "GM"]
[WhiteElo "2479"]
[BlackElo "2556"]
[WhiteFideId "901008"]
[BlackFideId "14102811"]
[EventDate "2014.07.21"]

1. d4 d5 2. c4 c6 3. cxd5 cxd5 4. Bf4 Nc6 5. e3 Nf6 6. Nc3 Bg4 7. Qb3 Na5 8.
Qa4+ Bd7 9. Bb5 e6 10. Rc1 a6 11. Bxd7+ Nxd7 12. Nf3 Nc4 13. Qb3 Bd6 14. Bxd6 1/2-1/2

[Event "7th Paleochora Open 2014"]
[Site "Paleochora GRE"]
[Date "2014.07.24"]
[Round "5.5"]
[White "Kharitonov, Alexandr"]
[Black "Petrov, Marijan"]
[Result "1/2-1/2"]
[WhiteTitle "GM"]
[BlackTitle "GM"]
[WhiteElo "2554"]
[BlackElo "2438"]
[WhiteFideId "4135202"]
[BlackFideId "2901773"]
[EventDate "2014.07.21"]

1. d4 g6 2. c4 Bg7 3. Nc3 c5 4. d5 d6 5. e4 Nf6 6. h3 O-O 7. Nf3 Na6 8. Bd3 Nc7
9. O-O e5 10. a3 Nd7 11. g4 a6 12. Kh2 b5 13. cxb5 axb5 14. Nxb5 Nxb5 15. Bxb5
f5 16. Ng5 1/2-1/2

[Event "7th Paleochora Open 2014"]
[Site "Paleochora GRE"]
[Date "2014.07.24"]
[Round "5.6"]
[White "Skembris, Spyridon"]
[Black "Mirzoev, Azer"]
[Result "0-1"]
[WhiteTitle "GM"]
[BlackTitle "GM"]
[WhiteElo "2473"]
[BlackElo "2554"]
[WhiteFideId "4200020"]
[BlackFideId "13400304"]
[EventDate "2014.07.21"]

1. d4 d5 2. c4 c6 3. Nf3 Nf6 4. Qc2 g6 5. Bf4 dxc4 6. Qxc4 Bf5 7. Nc3 Bg7 8. Qb3
Qb6 9. e3 Qxb3 10. axb3 Nbd7 11. b4 O-O 12. h3 Nb6 13. g4 Be6 14. b5 cxb5 15.
Bxb5 Nfd5 16. Nxd5 Nxd5 17. Bg3 a6 18. Be2 Rfc8 19. Ng5 Bd7 20. Kd2 Bc6 21. Rhc1
h6 22. Ne4 Rd8 23. Nc5 Rac8 24. Ke1 e6 25. Nd3 Bf8 26. Nc5 Nb4 27. f3 Nd5 28.
Kf2 Bg7 29. Nb3 Be8 30. Rxc8 Rxc8 31. Rc1 Rxc1 32. Nxc1 a5 33. Bd6 Bf8 34. Bxf8
Kxf8 35. Bc4 Nb4 36. h4 Ke7 37. g5 hxg5 38. hxg5 b5 39. Be2 a4 40. Ke1 Nd5 41.
Kd2 b4 42. e4 Nf4 43. Bf1 e5 44. dxe5 Ke6 45. Ke3 Kxe5 46. Nd3+ Nxd3 47. Bxd3 a3
48. bxa3 bxa3 49. Bc4 Bd7 50. f4+ Kd6 51. Kd4 Be6 52. Bxe6 Kxe6 53. Kc3 Kd6 54.
Kb3 Kc5 55. Kxa3 Kd4 56. f5 Kxe4 57. fxg6 fxg6 0-1

[Event "7th Paleochora Open 2014"]
[Site "Paleochora GRE"]
[Date "2014.07.24"]
[Round "5.7"]
[White "Prasanna, Raghuram Rao"]
[Black "Rychagov, Andrey"]
[Result "1/2-1/2"]
[WhiteTitle "IM"]
[BlackTitle "GM"]
[WhiteElo "2455"]
[BlackElo "2543"]
[WhiteFideId "5022401"]
[BlackFideId "4119932"]
[EventDate "2014.07.21"]

1. Nf3 d5 2. d4 Nf6 3. c4 e6 4. g3 Be7 5. Bg2 O-O 6. O-O dxc4 7. Qa4 a6 8. Qxc4
b5 9. Qc2 Bb7 10. Bd2 Bd6 11. Bg5 Nbd7 12. Nbd2 Rc8 13. Bxf6 Nxf6 14. Nb3 Be4
15. Qc3 Bd5 16. Nfd2 c5 17. dxc5 Bxc5 18. Nxc5 Bxg2 19. Kxg2 Qd5+ 20. e4 Qxc5
21. Qxc5 Rxc5 22. Rac1 Rfc8 23. Rxc5 Rxc5 24. Nb3 Rc2 25. Rd1 g5 26. Rd2 Rc4 27.
f3 g4 28. Rd4 Rc2+ 29. Rd2 Rc4 30. Rd4 Rc7 31. Kf2 gxf3 32. Kxf3 Nd7 33. Rd6
Ne5+ 34. Kf4 Ng6+ 35. Ke3 Rc2 36. Rd2 Rc8 37. Rd6 Rc2 38. Rd2 Rc6 39. Nd4 Rc1
40. Nf3 a5 1/2-1/2

[Event "7th Paleochora Open 2014"]
[Site "Paleochora GRE"]
[Date "2014.07.24"]
[Round "5.8"]
[White "Zinchenko, Yaroslav"]
[Black "Kapnisis, Spyridon"]
[Result "1-0"]
[WhiteTitle "GM"]
[BlackTitle "GM"]
[WhiteElo "2532"]
[BlackElo "2455"]
[WhiteFideId "14110547"]
[BlackFideId "4203445"]
[EventDate "2014.07.21"]

1. e4 c5 2. Nf3 d6 3. Bb5+ Nd7 4. O-O a6 5. Bd3 Ngf6 6. Re1 e5 7. c3 Be7 8. Bc2
b5 9. a4 Bb7 10. d4 O-O 11. Na3 exd4 12. cxd4 d5 13. e5 Ne4 14. Be3 b4 15. Nb1
c4 16. Nbd2 b3 17. Bb1 Rc8 18. Nxe4 dxe4 19. Nd2 f5 20. Nxb3 Nxe5 21. Nc5 Bxc5
22. dxe5 Bb4 23. Qxd8 Rfxd8 24. Rc1 Bd2 25. Bxd2 Rxd2 26. Ba2 Bd5 27. Rd1 Rd3
28. Rac1 Kf7 29. f4 Ke6 30. Rxd3 exd3 31. Kf2 g5 32. g3 gxf4 33. gxf4 Rb8 34.
Bxc4 Rxb2+ 35. Ke3 Rxh2 36. Bxa6 Be4 37. Rc7 d2 38. Bc4+ Bd5 39. Bxd5+ Kxd5 40.
Rd7+ Ke6 41. Rxd2 Rh3+ 42. Ke2 Rh2+ 43. Kd1 Rh1+ 44. Ke2 Rh2+ 45. Kd3 Rh3+ 46.
Kc2 Rf3 47. Rd4 h5 48. a5 h4 49. a6 h3 50. a7 Ra3 51. Rd6+ Kf7 52. Rh6 Kg7 53.
Rxh3 Rxa7 54. Rh5 Rf7 55. Kd3 1-0

[Event "7th Paleochora Open 2014"]
[Site "Paleochora GRE"]
[Date "2014.07.24"]
[Round "5.9"]
[White "Swapnil, S. Dhopade"]
[Black "Rombaldoni, Axel"]
[Result "1/2-1/2"]
[WhiteTitle "IM"]
[BlackTitle "GM"]
[WhiteElo "2421"]
[BlackElo "2505"]
[WhiteFideId "5019184"]
[BlackFideId "815837"]
[EventDate "2014.07.21"]

1. d4 e6 2. c4 Bb4+ 3. Nd2 Nf6 4. a3 Be7 5. Ngf3 O-O 6. e3 b6 7. Bd3 c5 8. O-O
Bb7 9. b3 d6 10. Bb2 Nbd7 11. b4 cxd4 12. exd4 Re8 13. Re1 Bf8 14. Qb3 g6 15.
Bf1 Rb8 16. h3 Bh6 17. Rad1 Qc7 18. Qa2 e5 19. dxe5 dxe5 20. Qa1 Bf4 21. Be2 Re7
22. Nf1 Rbe8 23. Bc1 Bxc1 24. Qxc1 Nh5 25. Ne3 Ndf6 26. Nd5 Nxd5 27. cxd5 Qxc1
28. Rxc1 Bxd5 29. Bb5 1/2-1/2

[Event "7th Paleochora Open 2014"]
[Site "Paleochora GRE"]
[Date "2014.07.24"]
[Round "5.10"]
[White "Theodoulidis, Theodoros"]
[Black "Gavrilov, Alexei1"]
[Result "0-1"]
[BlackTitle "GM"]
[WhiteElo "2116"]
[BlackElo "2494"]
[WhiteFideId "4200810"]
[BlackFideId "4104358"]
[EventDate "2014.07.21"]

1. e4 e5 2. Nf3 Nc6 3. d4 exd4 4. Nxd4 Bc5 5. Nb3 Bb6 6. Nc3 d6 7. Qe2 Nge7 8.
Be3 O-O 9. O-O-O f5 10. Qd2 Be6 11. Kb1 Kh8 12. h4 Bxe3 13. Qxe3 Bg8 14. f4 Qe8
15. h5 h6 16. g4 fxe4 17. Nxe4 Nd5 18. Qd2 Qxe4 19. Bg2 Qxf4 20. Bxd5 Qxd2 21.
Rxd2 Bxd5 22. Rxd5 Ne5 23. Rd4 Rf2 24. c4 b6 25. Rhd1 Raf8 0-1

[Event "7th Paleochora Open 2014"]
[Site "Paleochora GRE"]
[Date "2014.07.24"]
[Round "5.11"]
[White "Svetushkin, Dmitry"]
[Black "Mihajlov, Sebastian"]
[Result "1-0"]
[WhiteTitle "GM"]
[BlackTitle "CM"]
[WhiteElo "2557"]
[BlackElo "2227"]
[WhiteFideId "13900463"]
[BlackFideId "1512110"]
[EventDate "2014.07.21"]

1. e4 e5 2. Nf3 Nc6 3. Bb5 a6 4. Ba4 Nf6 5. O-O Be7 6. Re1 b5 7. Bb3 O-O 8. h3
d6 9. c3 Na5 10. Bc2 c5 11. d4 Qc7 12. d5 c4 13. b4 cxb3 14. axb3 Bd7 15. Bd3 b4
16. cxb4 Nb7 17. Rxa6 Rxa6 18. Bxa6 Qb6 19. Bc4 Qxb4 20. Ba3 Qa5 21. Nxe5 Re8
22. Nc6 Qb6 23. e5 Nxd5 24. Nxe7+ Nxe7 25. exd6 Ng6 26. Rxe8+ Bxe8 27. d7 1-0

[Event "7th Paleochora Open 2014"]
[Site "Paleochora GRE"]
[Date "2014.07.24"]
[Round "5.12"]
[White "David, Alberto"]
[Black "Tchernyi, Viktor"]
[Result "1-0"]
[WhiteTitle "GM"]
[BlackTitle "FM"]
[WhiteElo "2553"]
[BlackElo "2207"]
[WhiteFideId "4000013"]
[BlackFideId "4127757"]
[EventDate "2014.07.21"]

1. e4 c5 2. Nf3 g6 3. d4 cxd4 4. Nxd4 Bg7 5. c4 Nc6 6. Be3 Nf6 7. Nc3 Ng4 8.
Qxg4 Nxd4 9. Qd1 Ne6 10. Rc1 Qa5 11. a3 b6 12. Bd3 Nc5 13. O-O Nxd3 14. Qxd3 Bb7
15. Bd4 Bxd4 16. Qxd4 f6 17. Nb5 O-O-O 18. e5 f5 19. Qd1 Bc6 20. b4 Qa6 21. Nd4
Qxa3 22. Qd2 a5 23. Rb1 axb4 24. Rxb4 Kc7 25. Rfb1 Qa5 26. Qb2 Rb8 27. Nb5+ Bxb5
28. Rxb5 Qa7 29. Ra1 Qb7 30. c5 Ra8 31. Rc1 Rhc8 32. e6 Qe4 33. cxb6+ Kb7 34.
Rc7+ Rxc7 35. bxc7+ Kxc7 36. Rc5+ 1-0

[Event "7th Paleochora Open 2014"]
[Site "Paleochora GRE"]
[Date "2014.07.24"]
[Round "5.13"]
[White "Sbarra, Marco"]
[Black "Pap, Misa"]
[Result "0-1"]
[WhiteTitle "FM"]
[BlackTitle "GM"]
[WhiteElo "2237"]
[BlackElo "2514"]
[WhiteFideId "804401"]
[BlackFideId "921610"]
[EventDate "2014.07.21"]

1. d4 Nf6 2. c4 a6 3. Nc3 c5 4. d5 b5 5. e3 b4 6. Nce2 g6 7. Ng3 Bg7 8. e4 d6 9.
f4 O-O 10. Bd3 e6 11. dxe6 Bxe6 12. Nf3 Bg4 13. O-O Nc6 14. h3 Bxf3 15. Qxf3 Re8
16. Kh1 Qc7 17. Be3 Nd7 18. e5 dxe5 19. Be4 Rac8 20. f5 Nd4 21. Bxd4 exd4 22.
fxg6 fxg6 23. Bd5+ Kh8 24. Ne4 Rf8 25. Qg4 Nf6 26. Rxf6 Bxf6 27. Rf1 Rce8 28. h4
Bxh4 29. Rxf8+ Rxf8 30. g3 Bf6 0-1

[Event "7th Paleochora Open 2014"]
[Site "Paleochora GRE"]
[Date "2014.07.24"]
[Round "5.14"]
[White "Pakleza, Zbigniew"]
[Black "Hakobyan, Aram"]
[Result "1/2-1/2"]
[WhiteTitle "IM"]
[BlackTitle "FM"]
[WhiteElo "2487"]
[BlackElo "2157"]
[WhiteFideId "1119290"]
[BlackFideId "13306677"]
[EventDate "2014.07.21"]

1. Nf3 Nf6 2. c4 b6 3. g3 Bb7 4. Bg2 e6 5. O-O g6 6. Nc3 Bg7 7. Re1 Ne4 8. Nxe4
Bxe4 9. d3 Bb7 10. e4 c5 11. d4 cxd4 12. Nxd4 a6 13. Be3 O-O 14. Qd2 Qc7 15. b3
d6 16. Bh6 Nd7 17. Rad1 Rfd8 18. h4 Nf6 19. Bg5 Rd7 20. Qe3 Rc8 21. Bf3 h5 22.
Qe2 Kh7 23. Bg2 Ng4 24. f3 Ne5 25. Bc1 Ba8 26. Bb2 Qc5 27. Kh1 Rdd8 28. Rd2 Bh8
29. Rdd1 Bg7 30. Rd2 Bh6 31. f4 Ng4 32. Nf3 b5 33. cxb5 Qxb5 34. Nh2 Qxe2 35.
Rdxe2 d5 36. Nxg4 hxg4 37. Bf6 Rd7 38. Rd1 Bg7 39. Bxg7 Kxg7 40. Red2 Rc5 41.
Kg1 Rdc7 42. e5 Bc6 43. Rd4 a5 44. Bf1 Bb5 45. Bg2 Rc3 46. Kf2 a4 47. bxa4 Bc4
48. R4d2 Ra7 49. Bf1 Rxa4 50. Bxc4 Rcxc4 51. Kg2 Ra3 52. Kh2 Rca4 53. Ra1 Rc3
54. Rb1 Re3 55. Rc2 Raa3 56. Rb8 d4 57. Rg2 d3 58. Rbb2 Kg8 59. Rgd2 1/2-1/2

[Event "7th Paleochora Open 2014"]
[Site "Paleochora GRE"]
[Date "2014.07.24"]
[Round "5.15"]
[White "Liodakis, Konstantinos-Spyros"]
[Black "Rombaldoni, Denis"]
[Result "1-0"]
[BlackTitle "IM"]
[WhiteElo "2177"]
[BlackElo "2484"]
[WhiteFideId "4217136"]
[BlackFideId "813575"]
[EventDate "2014.07.21"]

1. Nf3 d5 2. g3 c6 3. Bg2 Bg4 4. d4 Nd7 5. O-O e6 6. Nbd2 f5 7. c4 Bd6 8. c5 Bc7
9. b4 Qf6 10. Bb2 h5 11. Ne5 Nxe5 12. dxe5 Bxe5 13. Bxe5 Qxe5 14. f3 h4 15. fxg4
hxg3 16. hxg3 Qxg3 17. gxf5 Nf6 18. Nf3 Ng4 19. Qe1 Qf4 20. Qd2 Ne3 21. Nh4 Qe5
22. Nf3 Qf4 23. Nh4 Qe5 24. Nf3 Nxf1 25. Rxf1 Qxf5 26. b5 Qh5 27. bxc6 bxc6 28.
Qf4 Rh6 29. Nd4 Rf6 30. Qd6 Rxf1+ 31. Kxf1 Qf7+ 32. Bf3 Qd7 33. Bh5+ 1-0

[Event "7th Paleochora Open 2014"]
[Site "Paleochora GRE"]
[Date "2014.07.24"]
[Round "5.16"]
[White "Lekic, Dusan"]
[Black "Gouloutis, Nikolaos"]
[Result "1-0"]
[WhiteTitle "IM"]
[WhiteElo "2433"]
[BlackElo "2064"]
[WhiteFideId "905330"]
[BlackFideId "4224256"]
[EventDate "2014.07.21"]

1. c4 Nf6 2. d4 e6 3. Nc3 Bb4 4. g3 O-O 5. Bg2 d5 6. a3 Bxc3+ 7. bxc3 dxc4 8.
Nf3 b5 9. a4 c6 10. Bg5 Bb7 11. Qb1 a6 12. Nd2 Ra7 13. O-O Ba8 14. f4 Nbd7 15.
e4 h6 16. Bh4 Qb6 17. a5 Qc7 18. e5 Nd5 19. Bxd5 exd5 20. Be7 Re8 21. Bd6 Qc8
22. Qf5 c5 23. Qh5 Re6 24. f5 Rxd6 25. exd6 Nf6 26. Qh4 Rd7 27. Qf4 cxd4 28.
Qxd4 Rxd6 29. g4 Qd8 30. Rf2 Bc6 31. h4 Rd7 32. Nf3 Ne4 33. Rb2 f6 34. Re1 Qc7
35. Re3 Qf4 36. Rg2 Rb7 37. g5 hxg5 38. hxg5 b4 39. cxb4 Rxb4 40. gxf6 1-0

[Event "7th Paleochora Open 2014"]
[Site "Paleochora GRE"]
[Date "2014.07.24"]
[Round "5.17"]
[White "Mihajlov, Svetoslav"]
[Black "Narayanan, Srinath"]
[Result "0-1"]
[BlackTitle "IM"]
[WhiteElo "2154"]
[BlackElo "2419"]
[WhiteFideId "1507168"]
[BlackFideId "5018420"]
[EventDate "2014.07.21"]

1. d4 Nf6 2. c4 c5 3. d5 g6 4. Nc3 Bg7 5. e4 O-O 6. Nf3 e6 7. Be2 exd5 8. exd5
Re8 9. O-O d6 10. h3 Bf5 11. Bd3 Ne4 12. Nxe4 Bxe4 13. Ng5 Bxd3 14. Qxd3 Nd7 15.
Bd2 b5 16. cxb5 Bxb2 17. Rab1 Bg7 18. f4 Qf6 19. Nf3 Nb6 20. Rfc1 c4 21. Qf1 Qf5
22. a4 Rac8 23. a5 Nxd5 24. b6 axb6 25. axb6 c3 26. b7 Rb8 27. Be1 Nxf4 0-1

[Event "7th Paleochora Open 2014"]
[Site "Paleochora GRE"]
[Date "2014.07.24"]
[Round "5.18"]
[White "Eggleston, David J"]
[Black "Papadopoulos, Argirios"]
[Result "1/2-1/2"]
[WhiteTitle "IM"]
[WhiteElo "2409"]
[BlackElo "2019"]
[WhiteFideId "412120"]
[BlackFideId "4241509"]
[EventDate "2014.07.21"]

1. e4 e5 2. Nf3 Nc6 3. Bc4 Bc5 4. c3 Nf6 5. d3 O-O 6. O-O d5 7. exd5 Nxd5 8. Re1
Bg4 9. h3 Bh5 10. Nbd2 Nb6 11. b4 Bd6 12. Bb3 a5 13. b5 Ne7 14. g4 Bg6 15. Nxe5
a4 16. Bc2 Ned5 17. Nb1 Qf6 18. d4 Bxc2 19. Qxc2 Bxe5 20. Rxe5 Qf3 21. Qe4 Qd1+
22. Qe1 Qf3 23. Qe4 Qd1+ 24. Qe1 Qf3 25. Qe4 1/2-1/2

[Event "7th Paleochora Open 2014"]
[Site "Paleochora GRE"]
[Date "2014.07.24"]
[Round "5.19"]
[White "Kalogeris, Ioannis"]
[Black "Milosevic, Goran"]
[Result "1/2-1/2"]
[BlackTitle "IM"]
[WhiteElo "2082"]
[BlackElo "2364"]
[WhiteFideId "4239563"]
[BlackFideId "1304119"]
[EventDate "2014.07.21"]

1. d4 Nf6 2. g3 e6 3. c4 Bb4+ 4. Nd2 O-O 5. Nf3 c5 6. Bg2 cxd4 7. Nxd4 Nc6 8. a3
Be7 9. N2f3 Nxd4 10. Nxd4 a6 11. O-O Qc7 12. Qd3 d6 13. b3 Bd7 14. Bb2 Rac8 15.
Rac1 Rfd8 16. Qf3 Rb8 17. Rfd1 Be8 18. b4 Ba4 19. Rd2 Bf8 20. e4 Rbc8 21. Qe2
Nd7 22. f3 g6 23. f4 e5 24. Nf3 Bh6 25. Qe3 f6 26. Bh3 Re8 27. Qd3 exf4 28. Qd5+
Kf8 29. Nd4 f3 30. Ne6+ Rxe6 31. Bxe6 Bxd2 32. Qxd2 Kg7 33. Rf1 Re8 34. Bd5 Ne5
35. Bxe5 Rxe5 36. Rxf3 Bc6 37. Qd4 Bxd5 38. exd5 Qe7 39. Kg2 Re4 40. Qc3 b6 41.
Kf1 h5 42. a4 Qe5 43. Qxe5 fxe5 44. Rc3 a5 45. bxa5 bxa5 46. c5 dxc5 47. d6 Kf6
48. d7 Rd4 49. Rxc5 Rxd7 50. Rxa5 Rd2 51. h4 Kf5 52. Rb5 Ra2 53. Rb4 Rd2 54. Rc4
Rb2 55. Kg1 Ra2 56. Rb4 1/2-1/2

[Event "7th Paleochora Open 2014"]
[Site "Paleochora GRE"]
[Date "2014.07.24"]
[Round "5.20"]
[White "Malikentzos, Sotirios"]
[Black "Serntedakis, Athanasios"]
[Result "1/2-1/2"]
[WhiteTitle "FM"]
[WhiteElo "2352"]
[BlackElo "2018"]
[WhiteFideId "4215079"]
[BlackFideId "4239423"]
[EventDate "2014.07.21"]

1. Nf3 d5 2. g3 Nf6 3. Bg2 c6 4. c4 Bf5 5. cxd5 cxd5 6. Qb3 Qb6 7. Qxb6 axb6 8.
Nc3 e6 9. d3 Nc6 10. Bf4 Kd7 11. Ne5+ Nxe5 12. Bxe5 Bd6 13. Bxd6 Kxd6 14. e4 Bg6
15. f4 Nd7 16. O-O dxe4 17. dxe4 f6 18. Rfd1+ Ke7 19. Rd4 Rhd8 20. Rb4 Be8 21.
Rd1 Rac8 22. Bf1 Nc5 23. Rxd8 Rxd8 24. Rxb6 Bc6 25. Kf2 Nxe4+ 26. Nxe4 Bxe4 27.
Bg2 Bxg2 28. Kxg2 Rd7 29. Kf3 g5 30. Kg4 gxf4 31. gxf4 Kf7 32. Kh5 Re7 33. Rb3
Rc7 34. Kh6 f5 35. Kg5 h6+ 36. Kh5 Kf6 37. Kh4 Rg7 38. Rg3 Rd7 39. Rh3 Rg7 40.
Rg3 Rd7 41. Rf3 Rg7 42. h3 e5 43. Kh5 1/2-1/2